Grandes Pinturas - Estadísticas

Estadísticas generales
  • Esta prueba ha sido intentada 428 veces
  • La puntuación promedio es 5 de 10
Estadísticas de respuestas
Imagen Respuesta % Correcto
Velazquez
96%
Van Gogh
95%
Goya
86%
Monet
72%
Dali
70%
Da Vinci
55%
Rembrandt
53%
Gauguin
35%
Renoir
34%
Modigliani
30%
Boticcelli
23%
Matisse
18%
Cezanne
17%
Raffaello
8%
Lautrec
7%
No se encontraron pruebas coincidentes
Distribución de puntuación
Porcentaje de gente con cada puntuación
Porcentaje por número respondido
Historial de tus puntuaciones
No has intentado esta prueba.